|
|
|
|
| LEADER |
02691nim a2200769 i 4500 |
| 001 |
001652586 |
| 003 |
CZ BrMZK |
| 005 |
20190129100452.0 |
| 007 |
sd fungnnmmned |
| 008 |
181023t20182018xr ||nne bz n cze |
| 015 |
|
|
|a cnb003044741
|
| 024 |
3 |
|
|a 8590236098923
|
| 028 |
0 |
1 |
|a CR0989-2
|b Radioservis
|
| 040 |
|
|
|a BOA001
|b cze
|e rda
|
| 041 |
0 |
|
|d cze
|d slo
|
| 043 |
|
|
|a e-xo---
|a e-cs---
|
| 045 |
|
|
|a x1x9
|
| 072 |
|
7 |
|a 32
|x Politika
|2 Konspekt
|9 15
|
| 072 |
|
7 |
|a 929
|x Biografie
|2 Konspekt
|9 8
|
| 080 |
|
|
|a 32-051
|2 MRF
|
| 080 |
|
|
|a 329.15-051
|2 MRF
|
| 080 |
|
|
|a 34-051
|2 MRF
|
| 080 |
|
|
|a 929
|2 MRF
|
| 080 |
|
|
|a 328/329
|2 MRF
|
| 080 |
|
|
|a (437.6)
|2 MRF
|
| 080 |
|
|
|a (437)
|2 MRF
|
| 080 |
|
|
|a (048.8)
|2 MRF
|
| 080 |
|
|
|a (092)
|2 MRF
|
| 080 |
|
|
|a (086.7)08
|2 MRF
|
| 080 |
|
|
|a (086.76)
|2 MRF
|
| 100 |
1 |
|
|a Macháček, Michal,
|d 1986-
|7 pna2015854184
|4 aut
|
| 245 |
1 |
0 |
|a Gustáv Husák /
|c Michal Macháček
|
| 264 |
|
1 |
|a Praha :
|b Radioservis,
|c [2018]
|
| 264 |
|
4 |
|c ℗2018
|
| 300 |
|
|
|a 1 audiodisk (4 hod., 11 min.) ;
|c 12 cm
|
| 306 |
|
|
|a 041100
|
| 336 |
|
|
|a mluvené slovo
|b spw
|2 rdacontent
|
| 337 |
|
|
|a audio
|b s
|2 rdamedia
|
| 338 |
|
|
|a audiodisk
|b sd
|2 rdacarrier
|
| 344 |
|
|
|a digital
|b optical
|2 rda
|
| 347 |
|
|
|a audio soubor
|b MP3
|2 rda
|
| 500 |
|
|
|a Název z disku
|
| 500 |
|
|
|a Fonogram Český rozhlas
|
| 508 |
|
|
|a Rozhlasová úprava Kateřina Rathouská ; režie Vít Vencl
|
| 511 |
0 |
|
|a Účinkují Aleš Procházka, Martin Matejka, Martin Veliký
|
| 600 |
1 |
7 |
|a Husák, Gustáv,
|d 1913-1991
|7 jn20000401125
|2 czenas
|
| 648 |
|
4 |
|a 1913-1991
|
| 648 |
|
7 |
|a 1948-1989
|7 ch460661
|2 czenas
|
| 648 |
|
7 |
|a 20. století
|7 ch460558
|2 czenas
|
| 650 |
0 |
7 |
|a politici
|7 ph115781
|z Slovensko
|y 20. století
|2 czenas
|
| 650 |
0 |
7 |
|a prezidenti
|7 ph124601
|z Československo
|2 czenas
|
| 650 |
0 |
7 |
|a komunisté
|7 ph121772
|z Slovensko
|y 20. století
|2 czenas
|
| 650 |
0 |
7 |
|a právníci
|7 ph124721
|z Slovensko
|y 20. století
|2 czenas
|
| 651 |
|
7 |
|a Československo
|7 ge131689
|x politika a vláda
|y 1948-1989
|2 czenas
|
| 655 |
|
7 |
|a monografie
|7 fd132842
|2 czenas
|
| 655 |
|
7 |
|a biografie
|7 fd131909
|2 czenas
|
| 655 |
|
7 |
|a audioknihy
|7 fd119452
|2 czenas
|
| 655 |
|
7 |
|a kompaktní disky
|7 fd201991
|2 czenas
|
| 700 |
1 |
|
|a Rathouská, Kateřina,
|d 1977-
|7 pna2010554380
|4 adp
|
| 700 |
1 |
|
|a Vencl, Vít,
|d 1970-
|7 js20050808017
|4 drt
|
| 700 |
1 |
|
|a Procházka, Aleš,
|d 1963-
|7 xx0058884
|4 nrt
|
| 700 |
1 |
|
|a Matejka, Martin,
|d 1972-
|7 xx0184752
|4 nrt
|
| 700 |
1 |
|
|a Veliký, Martin,
|d 1971-
|7 xx0204377
|4 nrt
|
| 910 |
|
|
|a BOA001
|b CDR-1416.279
|
| 990 |
|
|
|a AV
|
| 991 |
|
|
|b 201901
|c NOV
|
| 996 |
6 |
|
|b 2610758618
|c CDR-1416.279
|l MZK
|r Sklad / do 24 hodin
|n 3
|p p.v.
|w 001691557
|u 000010
|a 1
|e BOA001
|j MZK50
|s P
|